Culture Genérale - Série 2727 - Statistiques

Statistiques générales
  • Ce quiz a été pris 87 fois
  • Le résultat moyen est 4 sur 10
Statistiques - réponses
Question Réponse % Correct
Quelle ville belge est appelée "La Venise du nord" ? Bruges
83%
Dans quel état des Etats Unis se trouve la Silicon Valley ? Californie
75%
Dans quel sport Suzanne Lenglen (1899-1938) s'est-elle illustrée ? tennis
71%
Quel est l'astre le plus lumineux du ciel après le Soleil et la Lune ? Vénus
63%
Dans la série télévisée d'animation "Le manège enchanté" diffusée à partir des années 1960 en France, comment s'appelle le chien ? Pollux
50%
Quel nom porte la mafia napolitaine ? camorra
29%
Dans quelle capitale européenne se trouve le siège de l'OPEP ? Vienne
24%
Sous quel prénom et nom connait-on mieux Maria Anna Cecilia Sofia Kalogeropoulos (1923-1977) ? Maria Callas
23%
Quelle ville française est surnommée la petite Venise du Nord ? Amiens
15%
Qui a écrit "Eloge de la folie" en 1511 ? Erasme
10%
Aucun quiz correspondant
Distribution des résultats
% des personnes avec chaque résultat
Percentile par nombre de réponses
Votre historique - résultats
Vous n’avez pas pris ce quiz